000 00700nam a2200241 i 4500
001 C2-0111157
003 PPAK
005 20180727103411.0
008 970625s1980 my a|||| ||||| | may d
040 _aPPAK
_beng
_cPPAK
_erda
082 0 4 _a324.259508
_223
090 0 0 _a324.259508
_bDRB
_dKK
090 0 0 _a324.259508
_bDRB
_dKSA
245 0 0 _aDr. Burhanuddin Al-Helmy :
_bpolitik Melayu dan Islam
264 1 _aKuala Lumpur :
_bYayasan Anda ,
_c1980
300 _avii, 246 pages :
_billustrations ;
_c21 cm
336 _2rdacontent
_atext
337 _2rdamedia
_aunmediated
338 _2rdacarrier
_avolume
650 1 0 _aLeadership
700 0 _aKamarudin Jaffar,
_ecompile
942 _ddc
_cB
999 _c27735
_d27735